The adventures of Huckleberry Finn (Record no. 6486)

MARC details
000 -CABECERA
campo de control de longitud fija 00865nam a2200241 a 4500
001 - NÚMERO DE CONTROL
campo de control BRCA_6803
005 - FECHA Y HORA DE LA ÚLTIMA TRANSACCIÓN
campo de control 20190320205611.0
008 - DATOS DE LONGITUD FIJA--INFORMACIÓN GENERAL
campo de control de longitud fija 031111m18851920gw-#######---#000-0#eng-#
041 ## - CÓDIGO DE LENGUA
Código de lengua del texto/banda sonora o título independiente eng
044 ## - CÓDIGO DEL PAÍS DE LA ENTIDAD EDITORA/PRODUCTORA
Código MARC del país gw
050 #4 - SIGNATURA TOPOGRÁFICA DE LA BIBLIOTECA DEL CONGRESO
Número de clasificación PZ3
Número de documento/Ítem .B75 20 1885
100 1# - ENTRADA PRINCIPAL--NOMBRE DE PERSONA
Nombre de persona Twain, Mark
Fechas asociadas al nombre 1835-1910
Forma completa/desarrollada del nombre (Samuel L. Clemens)
9 (RLIN) 14927
245 10 - MENCIÓN DE TÍTULO
Título The adventures of Huckleberry Finn
Resto del título (Tom Sawyer´s comrade)
Mención de responsabilidad, etc. by Mark Twain.
260 ## - PUBLICACIÓN, DISTRIBUCIÓN, ETC.
Lugar de publicación, distribución, etc. Leipzig, Alemania
Nombre del editor, distribuidor, etc. Bernard Tauchnitz
Fecha de publicación, distribución, etc. 1885, reimp. 1920
300 ## - DESCRIPCIÓN FÍSICA
Extensión 2 v.
Dimensiones 16 cm.
440 #0 - MENCIÓN DE SERIE/PUNTO DE ACCESO ADICIONAL--TÍTULO
Título Collection of British authors. Tauchnitz edition
Designación de volumen o secuencia v. 2307-08
9 (RLIN) 16969
500 ## - NOTA GENERAL
Nota general Ver también CEF6, H144, L2, L15, L16, L17, L18, L19, L20, L22, L23, L24, L25, L26, L27, L32, L166, N9, N11, N12 y N13
500 ## - NOTA GENERAL
Nota general N17
650 14 - PUNTO DE ACCESO ADICIONAL DE MATERIA--TÉRMINO DE MATERIA
Término de materia o nombre geográfico como elemento de entrada Litearatura estadounidense
9 (RLIN) 16970
650 14 - PUNTO DE ACCESO ADICIONAL DE MATERIA--TÉRMINO DE MATERIA
Término de materia o nombre geográfico como elemento de entrada Litearatura inglesa
9 (RLIN) 16971
902 ## - CATALOGADOR
Iniciales GFM
942 ## - ELEMENTOS DE PUNTO DE ACCESO ADICIONAL (KOHA)
Fuente del sistema de clasificación o colocación Library of Congress Classification
Tipo de ítem Koha Libros
Holdings
Estado de retiro Estado de pérdida Estado dañado No para préstamo Localización permanente Ubicación/localización actual Fecha de adquisición Número de inventario Total de préstamos Signatura topográfica completa Código de barras Fecha visto por última vez Precio válido a partir de Tipo de ítem Koha
El ejemplar forma parte de la colección y puede ser consultado según las políticas vigentes.       Biblioteca del Museo Franz Mayer (Rogerio Casas-Alatriste) Biblioteca del Museo Franz Mayer (Rogerio Casas-Alatriste) 03/11/2011 N17   PZ3 .B75 20 1885 (N17) 7250 22/03/2019 22/03/2019 Libros